000 00850nam a22002777a 4500
001 809
005 20231114080030.0
020 _a0516060546
020 _a9780516202198
040 _aDLC
_cDLC
_dDLC
_beng
050 0 0 _aQL452.2
_b.F68 1996
082 0 0 _a595.4/4
_220
100 1 _aFowler, Allan.
245 1 0 _aSpiders are not insects /
_cby Allan Fowler.
260 _aNew York :
_bChildren's Press,
_c1996.
300 _a31 pages :
_bcolor illustrations ;
_c18 cm.
500 _aIncludes index.
505 _aM
520 _aAn introduction to the spider, an eight-legged creature, not to be confused with the six-legged insect.
521 _a550
_bLexile
521 _aM
_bRaz-Plus
650 0 _aSpiders
_xJuvenile literature.
650 1 _aSpiders.
906 _a7
_bcbc
_corignew
_d1
_eocip
_f19
_gy-gencatlg
942 _2ddc
_cBK
_n0
999 _c809
_d809